Hangman Game - Whammies #1 - Statistics

General Stats
  • This quiz has been taken 658 times
  • The average score is 6 of 9
Answers on the Map
Answers color-coded by a green-red scale on the quiz's map according to % correct below.
 
Answer Stats
Letter % Correct
E
95%
E
95%
O
77%
O
77%
T
76%
R
74%
D
37%
H
37%
X
9%
No matching quizzes found
Score Distribution
Percent of People with Each Score
Percentile by Number Answered
Your Score History
You have not taken this quiz